[Event "BI-2015-P-0000"]
[Site "LSS email"]
[Date "2015.04.16"]
[Round "?"]
[White "Lukin, Andrey"]
[Black "Zukan, Jakob"]
[Result "0-1"]
[WhiteElo "1405"]
[BlackElo "1802"]
[PlyCount "40"]
[EventDate "2015.04.22"]
[EventType "tourn (corr)"]
[EventRounds "10"]
[EventCountry "GER"]
[SourceTitle "Corr 2022"]
[Source "ChessBase"]
[SourceDate "2021.10.24"]
[SourceVersion "1"]
[SourceVersionDate "2021.10.24"]
[SourceQuality "1"]

1. e4 e5 2. f4 exf4 3. Nf3 g5 4. Bc4 Nc6 5. d4 g4 6. 0-0 gxf3 7. Qxf3 Qe7 8. c3 Ne5 9. dxe5 Qc5+ 10. Kh1 Qxc4 11. Bxf4 b6 12. e6 Qxe6 13. Be5 f6 14. Bxc7 Bb7 15. Nd2 d6 16. Qf2 Qc8 17. Bxb6 axb6 18. Qxb6 Ba6 19. c4 Rb8 20. Qd4 Qc5 0-1

[Event "BI-2015-P-0000"]
[Site "LSS email"]
[Date "2015.04.16"]
[Round "?"]
[White "Zukan, Jakob"]
[Black "Roberts, Anthony"]
[Result "1/2-1/2"]
[WhiteElo "1802"]
[BlackElo "2306"]
[PlyCount "48"]
[EventDate "2015.04.22"]
[EventType "tourn (corr)"]
[EventRounds "10"]
[EventCountry "GER"]
[SourceTitle "Corr 2022"]
[Source "ChessBase"]
[SourceDate "2021.10.24"]
[SourceVersion "1"]
[SourceVersionDate "2021.10.24"]
[SourceQuality "1"]

1. d4 Nf6 2. Nf3 e6 3. c4 b6 4. g3 Bb7 5. Bg2 Be7 6. 0-0 0-0 7. Nc3 Ne4 8. Qc2 Nxc3 9. Qxc3 c5 10. Rd1 d6 11. Bf4 Nc6 12. Qd2 Nxd4 13. Nxd4 Bxg2 14. Nxe6 fxe6 15. Kxg2 Qd7 16. e4 Rad8 17. f3 Qe8 18. Qe2 Qg6 19. Bd2 Bf6 20. Bc3 Bxc3 21. bxc3 h5 22. h4 Rd7 23. a4 Rdf7 24. Rf1 e5 1/2-1/2

[Event "BI-2015-P-0000"]
[Site "LSS email"]
[Date "2015.04.16"]
[Round "?"]
[White "Zukan, Jakob"]
[Black "Tyutyunnik, Roman"]
[Result "1/2-1/2"]
[WhiteElo "1802"]
[BlackElo "1999"]
[PlyCount "79"]
[EventDate "2015.04.22"]
[EventType "tourn (corr)"]
[EventRounds "10"]
[EventCountry "GER"]
[SourceTitle "Corr 2022"]
[Source "ChessBase"]
[SourceDate "2021.10.24"]
[SourceVersion "1"]
[SourceVersionDate "2021.10.24"]
[SourceQuality "1"]

1. d4 Nf6 2. Nf3 g6 3. c4 Bg7 4. Nc3 0-0 5. e4 d6 6. Be2 e5 7. dxe5 dxe5 8. Qxd8 Rxd8 9. Bg5 Re8 10. Nd5 Nxd5 11. cxd5 c6 12. 0-0-0 h6 13. Be3 cxd5 14. Bb5 Rd8 15. Rxd5 Rxd5 16. exd5 Bd7 17. Bxd7 Nxd7 18. Kb1 e4 19. Nd2 f5 20. Nc4 b6 21. Rd1 Rd8 22. a4 Nf6 23. d6 Nd7 24. a5 bxa5 25. Bxa7 a4 26. f3 exf3 27. gxf3 Kf7 28. Ka2 g5 29. b3 Ra8 30. Bd4 Bxd4 31. Rxd4 axb3+ 32. Kxb3 Kf6 33. Rd1 Ne5 34. d7 Rd8 35. Nxe5 Kxe5 36. Kc4 Ke6 37. Re1+ Kxd7 38. Rd1+ Ke7 39. Rxd8 Kxd8 40. Kd5 1/2-1/2

[Event "WC-2014-S-00007"]
[Site "LSS email"]
[Date "2014.10.12"]
[Round "?"]
[White "Bokros, Janos"]
[Black "Zukan, Jakob"]
[Result "0-1"]
[WhiteElo "1662"]
[BlackElo "1750"]
[PlyCount "54"]
[EventDate "2014.10.15"]
[EventType "tourn (corr)"]
[EventRounds "12"]
[EventCountry "GER"]
[SourceTitle "Corr 2024"]
[Source "ChessBase"]
[SourceDate "2023.10.19"]
[SourceVersion "1"]
[SourceVersionDate "2023.10.19"]
[SourceQuality "1"]

1. e4 e5 2. Nf3 Nc6 3. Bb5 Nf6 4. 0-0 Nxe4 5. d3 Nd6 6. Bxc6 dxc6 7. Nxe5 Be7 8. Nc3 0-0 9. Re1 Re8 10. h3 Be6 11. Bf4 Nf5 12. Nf3 Qd7 13. Ne5 Qd8 14. Nf3 Qd7 15. Qd2 c5 16. a3 Nd4 17. Ne5 Qc8 18. Ne2 f6 19. Nc4 Qd7 20. a4 b6 21. b3 a6 22. Be3 b5 23. Na5 Nf5 24. Bf4 c6 25. g4 Nh4 26. Qe3 Bd5 27. Rf1 Bd6 0-1

[Event "WC-2014-S-00007"]
[Site "LSS email"]
[Date "2014.10.12"]
[Round "?"]
[White "Feng, Jason"]
[Black "Zukan, Jakob"]
[Result "0-1"]
[WhiteElo "1000"]
[BlackElo "1750"]
[PlyCount "48"]
[EventDate "2014.10.15"]
[EventType "tourn (corr)"]
[EventRounds "12"]
[EventCountry "GER"]
[SourceTitle "Corr 2024"]
[Source "ChessBase"]
[SourceDate "2023.10.19"]
[SourceVersion "1"]
[SourceVersionDate "2023.10.19"]
[SourceQuality "1"]

1. e4 e5 2. Nf3 Nc6 3. Bc4 Nf6 4. Ng5 d5 5. exd5 Nxd5 6. d4 Be6 7. Nxe6 fxe6 8. dxe5 Bb4+ 9. c3 Bc5 10. 0-0 0-0 11. Kh1 Nxe5 12. Bxd5 Qxd5 13. Qxd5 exd5 14. f3 Nd3 15. Nd2 Nf2+ 16. Kg1 Ng4+ 17. Kh1 Ne3 18. Rb1 Nxf1 19. Nxf1 Rae8 20. Bg5 Re2 21. Ng3 Rc2 22. Nf1 Re8 23. Bh4 Ree2 24. g3 Rg2 0-1

[Event "WC-2014-S-00007"]
[Site "LSS email"]
[Date "2014.10.12"]
[Round "?"]
[White "Loktaev, Val"]
[Black "Zukan, Jakob"]
[Result "1/2-1/2"]
[WhiteElo "1823"]
[BlackElo "1750"]
[PlyCount "59"]
[EventDate "2014.10.15"]
[EventType "tourn (corr)"]
[EventRounds "12"]
[EventCountry "GER"]
[SourceTitle "Corr 2024"]
[Source "ChessBase"]
[SourceDate "2023.10.19"]
[SourceVersion "1"]
[SourceVersionDate "2023.10.19"]
[SourceQuality "1"]

1. d4 d5 2. c4 e6 3. Nf3 Nf6 4. Nc3 Nc6 5. e3 Be7 6. a3 0-0 7. Qc2 b6 8. cxd5 exd5 9. Bd3 Re8 10. 0-0 Bd6 11. h3 Bb7 12. Nb5 Ne4 13. Nxd6 Qxd6 14. b4 a5 15. b5 Ne7 16. a4 Rac8 17. Ba3 Qe6 18. Rac1 Nf5 19. Qa2 f6 20. Rc2 Nfd6 21. Rfc1 Qd7 22. Nd2 Nxd2 23. Rxd2 g6 24. Rdc2 Ne4 25. Bxe4 Rxe4 26. Rc3 Re6 27. Qc2 c6 28. Kh1 f5 29. Kh2 Qe8 30. Kg1 1/2-1/2

[Event "WC-2014-S-00007"]
[Site "LSS email"]
[Date "2014.10.12"]
[Round "?"]
[White "Lombart, Philippe"]
[Black "Zukan, Jakob"]
[Result "1/2-1/2"]
[WhiteElo "1689"]
[BlackElo "1750"]
[PlyCount "62"]
[EventDate "2014.10.15"]
[EventType "tourn (corr)"]
[EventRounds "12"]
[EventCountry "GER"]
[SourceTitle "Corr 2024"]
[Source "ChessBase"]
[SourceDate "2023.10.19"]
[SourceVersion "1"]
[SourceVersionDate "2023.10.19"]
[SourceQuality "1"]

1. d4 d5 2. c4 e6 3. Nc3 Nf6 4. Bg5 Be7 5. e3 0-0 6. Nf3 Nc6 7. Rc1 h6 8. Bh4 a5 9. a3 Ne4 10. Bxe7 Nxe7 11. Bd3 Nxc3 12. Rxc3 dxc4 13. Bxc4 Qd6 14. 0-0 b6 15. Ne5 c5 16. f4 cxd4 17. Qxd4 Qxd4 18. exd4 Bb7 19. g3 Rac8 20. Rfc1 Rfd8 21. Be2 f6 22. Rxc8 Rxc8 23. Rxc8+ Nxc8 24. Nc4 Kf7 25. Kf2 Ke7 26. Bf3 Ba6 27. Ne3 Nd6 28. Be2 Ne4+ 29. Ke1 Bxe2 30. Kxe2 b5 31. Kd3 Nf2+ 1/2-1/2

[Event "BI-2014-P-0018"]
[Site "LSS email"]
[Date "2014.04.19"]
[Round "?"]
[White "Grabowski, Benedykt"]
[Black "Zukan, Jakob"]
[Result "0-1"]
[WhiteElo "1826"]
[BlackElo "1773"]
[PlyCount "120"]
[EventDate "2014.04.25"]
[EventType "tourn (corr)"]
[EventRounds "10"]
[EventCountry "GER"]
[SourceTitle "Corr 2015"]
[Source "ChessBase"]
[SourceDate "2015.07.17"]
[SourceVersion "1"]
[SourceVersionDate "2015.07.17"]
[SourceQuality "1"]

1. e4 c5 2. Nf3 Nc6 3. d4 cxd4 4. Nxd4 e5 5. Nb5 d6 6. c4 Nf6 7. N1c3 a6 8. Na3 Be7 9. Be2 Nd4 10. 0-0 Be6 11. Be3 Nxe2+ 12. Qxe2 0-0 13. f3 Rc8 14. Rac1 Nh5 15. Qd2 Nf4 16. Rfe1 h6 17. Nd5 Nxd5 18. cxd5 Rxc1 19. Rxc1 Bd7 20. g4 b5 21. Nc2 a5 22. Kg2 h5 23. h3 Kh7 24. Na3 g6 25. Qe2 Qe8 26. Bd2 f5 27. Qe3 fxg4 28. hxg4 Rf4 29. Qa7 Rf7 30. Qe3 Qf8 31. Rh1 Kg8 32. Qe2 hxg4 33. fxg4 Qd8 34. Rf1 Rxf1 35. Kxf1 Qc8 36. Kg2 Bxg4 37. Qd3 Bh4 38. Nxb5 Qc5 39. Be3 Qb4 40. Nc3 Qxb2+ 41. Qd2 Qb4 42. Bg5 Bxg5 43. Qxg5 Bh5 44. Qe3 a4 45. Kg3 Kg7 46. Kh4 Qd4 47. Qxd4 exd4 48. Nxa4 d3 49. Nb2 d2 50. a4 d1Q 51. Nxd1 Bxd1 52. a5 Bf3 53. a6 Bxe4 54. a7 Bxd5 55. Kg5 Ba8 56. Kg4 d5 57. Kg5 d4 58. Kf4 g5+ 59. Kg3 d3 60. Kf2 g4 0-1

[Event "BI-2014-P-0018"]
[Site "LSS email"]
[Date "2014.04.19"]
[Round "?"]
[White "Somogyi, Gabor"]
[Black "Zukan, Jakob"]
[Result "1-0"]
[WhiteElo "1858"]
[BlackElo "1773"]
[PlyCount "93"]
[EventDate "2014.04.25"]
[EventType "tourn (corr)"]
[EventRounds "10"]
[EventCountry "GER"]
[SourceTitle "Corr 2015"]
[Source "ChessBase"]
[SourceDate "2015.07.17"]
[SourceVersion "1"]
[SourceVersionDate "2015.07.17"]
[SourceQuality "1"]

1. e4 c5 2. Nf3 Nc6 3. d4 cxd4 4. Nxd4 e5 5. Nb5 d6 6. c4 Nf6 7. N1c3 a6 8. Na3 Be7 9. Nc2 Be6 10. Be2 Rc8 11. 0-0 Na5 12. b3 b5 13. Ne3 bxc4 14. Ned5 0-0 15. Be3 Nxd5 16. Nxd5 Rb8 17. Qd2 Bxd5 18. Qxd5 Rb5 19. Qd2 d5 20. exd5 Rxd5 21. Qc2 cxb3 22. axb3 Qc8 23. Qe4 Rfd8 24. Bb6 Nxb3 25. Bxa6 Qc3 26. Bxd8 Rxd8 27. Rad1 Nd2 28. Qa4 e4 29. Rfe1 Kf8 30. Bb5 f5 31. Re3 Qc5 32. Be2 f4 33. Rh3 h6 34. Qa6 e3 35. fxe3 Bg5 36. Qg6 fxe3 37. Qh7 Qc3 38. Rg3 Rd5 39. Kh1 Ke7 40. Bh5 Bf6 41. Re1 Nc4 42. Qe4+ Kd6 43. Qf4+ Re5 44. Rd1+ Nd2 45. h3 Kc7 46. Be2 Kd7 47. Qa4+ 1-0

[Event "CP-2013-P-00018"]
[Site "LSS email"]
[Date "2013.09.30"]
[Round "?"]
[White "Pott, Brian"]
[Black "Zukan, Jakob"]
[Result "1/2-1/2"]
[WhiteElo "1856"]
[BlackElo "1654"]
[PlyCount "58"]
[EventDate "2013.10.01"]
[EventType "tourn (corr)"]
[EventRounds "6"]
[EventCountry "GER"]
[SourceTitle "Corr 2022"]
[Source "ChessBase"]
[SourceDate "2021.10.24"]
[SourceVersion "1"]
[SourceVersionDate "2021.10.24"]
[SourceQuality "1"]

1. e4 c5 2. Nf3 Nc6 3. d4 cxd4 4. Nxd4 e5 5. Nb5 d6 6. N1c3 a6 7. Na3 b5 8. Nd5 Nf6 9. Bg5 Be7 10. Bxf6 Bxf6 11. c3 Rb8 12. Nc2 Bg5 13. a4 bxa4 14. Ncb4 Nxb4 15. Nxb4 Bd7 16. Bxa6 Qa5 17. Qd3 Rxb4 18. cxb4 Qxb4+ 19. Kf1 Ke7 20. h4 Bh6 21. g3 Rb8 22. Kg2 Bc6 23. Bc4 f5 24. Bd5 fxe4 25. Qd1 Bd7 26. Re1 Qd2 27. Qxd2 Bxd2 28. Rxe4 Rb5 29. Bg8 Rxb2 1/2-1/2

[Event "CP-2013-P-00018"]
[Site "LSS email"]
[Date "2013.09.30"]
[Round "?"]
[White "Zukan, Jakob"]
[Black "Lelito, Jerzy"]
[Result "1/2-1/2"]
[WhiteElo "1654"]
[BlackElo "1761"]
[PlyCount "50"]
[EventDate "2013.10.01"]
[EventType "tourn (corr)"]
[EventRounds "6"]
[EventCountry "GER"]
[SourceTitle "Corr 2022"]
[Source "ChessBase"]
[SourceDate "2021.10.24"]
[SourceVersion "1"]
[SourceVersionDate "2021.10.24"]
[SourceQuality "1"]

1. d4 Nf6 2. Nf3 d5 3. c4 e6 4. Nc3 Be7 5. Bg5 h6 6. Bxf6 Bxf6 7. e3 0-0 8. Rc1 c6 9. Bd3 Nd7 10. 0-0 dxc4 11. Bxc4 e5 12. Bb3 exd4 13. exd4 Re8 14. Re1 Nf8 15. Rxe8 Qxe8 16. d5 Bg4 17. h3 Bh5 18. Rc2 Rd8 19. g4 Bg6 20. Re2 Qd7 21. Ne5 Qc7 22. Qe1 Kh7 23. dxc6 bxc6 24. Kg2 c5 25. Nxg6 Nxg6 1/2-1/2

[Event "WC-2013-P-00006"]
[Site "LSS email"]
[Date "2013.02.27"]
[Round "?"]
[White "Pedro, Fernando"]
[Black "Zukan, Jakob"]
[Result "1/2-1/2"]
[WhiteElo "2210"]
[BlackElo "1575"]
[PlyCount "41"]
[EventDate "2013.03.03"]
[EventType "tourn (corr)"]
[EventRounds "12"]
[EventCountry "GER"]
[SourceTitle "Corr 2022"]
[Source "ChessBase"]
[SourceDate "2021.10.24"]
[SourceVersion "1"]
[SourceVersionDate "2021.10.24"]
[SourceQuality "1"]

1. e4 c5 2. Nf3 Nc6 3. Bb5 g6 4. Bxc6 bxc6 5. 0-0 Bg7 6. Re1 Nf6 7. e5 Nd5 8. c4 Nc7 9. d4 cxd4 10. Qxd4 0-0 11. Qh4 f6 12. Nc3 Ne6 13. exf6 exf6 14. b3 Bb7 15. Bb2 f5 16. Qg3 Re8 17. h4 Qb8 18. Qxb8 Raxb8 19. Rad1 d5 20. Na4 Bf8 21. Bc3 1/2-1/2

[Event "WC-2013-P-00006"]
[Site "LSS email"]
[Date "2013.02.27"]
[Round "?"]
[White "Zukan, Jakob"]
[Black "Egorov, Vladimir Al"]
[Result "0-1"]
[WhiteElo "1575"]
[BlackElo "2202"]
[PlyCount "90"]
[EventDate "2013.03.03"]
[EventType "tourn (corr)"]
[EventRounds "12"]
[EventCountry "GER"]
[SourceTitle "Corr 2022"]
[Source "ChessBase"]
[SourceDate "2021.10.24"]
[SourceVersion "1"]
[SourceVersionDate "2021.10.24"]
[SourceQuality "1"]

1. d4 Nf6 2. Nf3 e6 3. c4 b6 4. g3 Bb7 5. Bg2 Bb4+ 6. Bd2 Bxd2+ 7. Qxd2 0-0 8. Nc3 d6 9. 0-0 Nbd7 10. d5 Nc5 11. Ne1 a5 12. Nd3 exd5 13. cxd5 Ba6 14. Nxc5 bxc5 15. Rfe1 Re8 16. f4 Rb8 17. Bf3 Rb4 18. e3 Qb8 19. Rab1 Qa7 20. Kh1 Nd7 21. a3 Rb7 22. Bd1 Reb8 23. Ba4 Nb6 24. Bc2 Qa8 25. Kg1 h6 26. Qc1 Re8 27. e4 Rbb8 28. b3 Nd7 29. Qd2 Qa7 30. Kg2 Re7 31. h3 Qb6 32. Bd1 Rbe8 33. Bf3 Rb8 34. Na4 Qa7 35. Rb2 Rbe8 36. Nc3 Nf6 37. g4 Nd7 38. h4 c4 39. bxc4 Qc5 40. Rbb1 f6 41. a4 Nb6 42. Nb5 Bxb5 43. Rxb5 Qa3 44. Qc2 Qxa4 45. e5 Qxc2+ 0-1

[Event "WC-2013-P-00006"]
[Site "LSS email"]
[Date "2013.02.27"]
[Round "?"]
[White "Zukan, Jakob"]
[Black "Pedro, Fernando"]
[Result "1/2-1/2"]
[WhiteElo "1575"]
[BlackElo "2210"]
[PlyCount "38"]
[EventDate "2013.03.03"]
[EventType "tourn (corr)"]
[EventRounds "12"]
[EventCountry "GER"]
[SourceTitle "Corr 2022"]
[Source "ChessBase"]
[SourceDate "2021.10.24"]
[SourceVersion "1"]
[SourceVersionDate "2021.10.24"]
[SourceQuality "1"]

1. d4 Nf6 2. c4 g6 3. Nc3 Bg7 4. Nf3 0-0 5. e4 d6 6. Be2 e5 7. d5 a5 8. 0-0 Na6 9. Be3 Nh5 10. Qd2 Nc5 11. Bxc5 dxc5 12. Ne1 Nf4 13. Rd1 a4 14. Nd3 b6 15. a3 Qg5 16. g3 Nxe2+ 17. Qxe2 Qe7 18. Kg2 h5 19. h4 Bd7 1/2-1/2

[Event "BI-2013-F-0000"]
[Site "LSS email"]
[Date "2013.02.15"]
[Round "?"]
[White "Drazkowski, Krzysztof"]
[Black "Zukan, Jakob"]
[Result "1/2-1/2"]
[WhiteElo "2262"]
[BlackElo "1578"]
[PlyCount "132"]
[EventDate "2013.02.20"]
[EventType "tourn (corr)"]
[EventRounds "10"]
[EventCountry "GER"]
[SourceTitle "Corr 2022"]
[Source "ChessBase"]
[SourceDate "2021.10.24"]
[SourceVersion "1"]
[SourceVersionDate "2021.10.24"]
[SourceQuality "1"]

1. d4 Nf6 2. c4 e6 3. Nf3 d5 4. Nc3 Be7 5. Bg5 0-0 6. e3 h6 7. Bh4 b6 8. cxd5 Nxd5 9. Bxe7 Qxe7 10. Nxd5 exd5 11. Rc1 Be6 12. Bd3 c5 13. dxc5 bxc5 14. 0-0 Nd7 15. e4 d4 16. Bb1 a5 17. Qc2 Rfc8 18. e5 Nf8 19. b3 Bd5 20. Qf5 Bxf3 21. gxf3 g6 22. Qf4 h5 23. Be4 Rab8 24. Bd5 Kg7 25. Qe4 Ne6 26. f4 Rd8 27. Bxe6 Qxe6 28. Rxc5 Qg4+ 29. Kh1 d3 30. e6 Qe2 31. Qxe2 dxe2 32. Rg1 Rd2 33. Re5 fxe6 34. Rxa5 Rb4 35. Re5 Rxf4 36. Re1 Rxf2 37. Kg1 Rf1+ 38. Rxf1 exf1Q+ 39. Kxf1 Rxa2 40. h4 Rh2 41. Re4 Kf6 42. Rf4+ Ke5 43. Rc4 Kf5 44. Kg1 Rb2 45. Rb4 e5 46. Kf1 e4 47. Ke1 Kf4 48. Rb6 g5 49. hxg5 Kxg5 50. Rb5+ Kg4 51. Re5 h4 52. Rxe4+ Kg3 53. Re8 Rb1+ 54. Kd2 h3 55. Rg8+ Kf3 56. Kc2 h2 57. Kxb1 h1Q+ 58. Kb2 Qh2+ 59. Ka3 Qd6+ 60. Kb2 Qd2+ 61. Ka3 Qc1+ 62. Ka2 Qc6 63. Kb2 Qe6 64. Ra8 Qe5+ 65. Ka2 Ke4 66. Ra4+ Kd3 1/2-1/2

[Event "BI-2013-F-0000"]
[Site "LSS email"]
[Date "2013.02.15"]
[Round "?"]
[White "Zukan, Jakob"]
[Black "Launhardt, Wolfgang"]
[Result "0-1"]
[WhiteElo "1578"]
[BlackElo "2209"]
[PlyCount "86"]
[EventDate "2013.02.20"]
[EventType "tourn (corr)"]
[EventRounds "10"]
[EventCountry "GER"]
[SourceTitle "Corr 2022"]
[Source "ChessBase"]
[SourceDate "2021.10.24"]
[SourceVersion "1"]
[SourceVersionDate "2021.10.24"]
[SourceQuality "1"]

1. d4 d6 2. e4 Nf6 3. Nc3 g6 4. Nf3 Bg7 5. Be2 0-0 6. 0-0 Bg4 7. h3 Bxf3 8. Bxf3 c6 9. Qe2 Nbd7 10. Rd1 Qc7 11. Be3 a5 12. a4 Rfc8 13. g4 Nb6 14. g5 Nfd7 15. h4 e6 16. b3 d5 17. e5 Bf8 18. h5 Bb4 19. Bd2 Nf8 20. h6 Rd8 21. Qd3 Nc8 22. Bf4 Ne7 23. Ne2 Nf5 24. Bg4 Rac8 25. c3 Be7 26. Kg2 c5 27. Qb5 Rd7 28. Bd2 b6 29. Rab1 Qb7 30. Qd3 c4 31. Qc2 b5 32. axb5 Qxb5 33. bxc4 Qxc4 34. Ra1 Ra7 35. Ra4 Qc7 36. Rb1 Nd7 37. Qa2 Rca8 38. c4 dxc4 39. Rxc4 Qd8 40. Bxf5 gxf5 41. Nf4 Bxg5 42. Rg1 Kh8 43. Qa3 Nxe5 0-1

[Event "CP-2012-P-00011"]
[Site "LSS email"]
[Date "2012.10.01"]
[Round "?"]
[White "Sirotkin, Evgenji"]
[Black "Zukan, Jakob"]
[Result "1/2-1/2"]
[WhiteElo "1651"]
[BlackElo "1661"]
[PlyCount "68"]
[EventDate "2012.10.05"]
[EventType "tourn (corr)"]
[EventRounds "6"]
[EventCountry "GER"]
[SourceTitle "Telechess CBM 163"]
[Source "ChessBase"]
[SourceDate "2014.11.11"]
[SourceVersion "2"]
[SourceVersionDate "2014.11.11"]
[SourceQuality "1"]

1. d4 Nf6 2. c4 e6 3. Nf3 b6 4. g3 Ba6 5. b3 Bb4+ 6. Bd2 Bxd2+ 7. Qxd2 0-0 8. Bg2 d5 9. Nc3 Qd6 10. cxd5 exd5 11. 0-0 Nc6 12. Rfc1 Rfe8 13. e3 Rac8 14. Qd1 Ne4 15. a3 Bb7 16. b4 a6 17. Qb3 Nd8 18. Rc2 Ne6 19. Rac1 f6 20. Bh3 Nxc3 21. Rxc3 c6 22. Ne1 Rcd8 23. Bxe6+ Qxe6 24. a4 Qf5 25. Qc2 Qxc2 26. R3xc2 Re7 27. a5 b5 28. Nd3 Kf7 29. h4 h5 30. Kg2 g6 31. Nf4 Rd6 32. Rc5 Kg7 33. R5c3 Re4 34. Nd3 Re7 1/2-1/2

[Event "CP-2012-P-00011"]
[Site "LSS email"]
[Date "2012.10.01"]
[Round "?"]
[White "Zukan, Jakob"]
[Black "Zasinets, Dima"]
[Result "1/2-1/2"]
[WhiteElo "1661"]
[BlackElo "2051"]
[PlyCount "58"]
[EventDate "2012.10.05"]
[EventType "tourn (corr)"]
[EventRounds "6"]
[EventCountry "GER"]
[SourceTitle "Telechess CBM 163"]
[Source "ChessBase"]
[SourceDate "2014.11.11"]
[SourceVersion "2"]
[SourceVersionDate "2014.11.11"]
[SourceQuality "1"]

1. d4 d5 2. c4 e6 3. Nf3 Nf6 4. Nc3 Bb4 5. Bg5 h6 6. Bxf6 Qxf6 7. e3 0-0 8. Rc1 dxc4 9. Bxc4 c5 10. 0-0 cxd4 11. exd4 Rd8 12. Ne4 Qf4 13. Qe2 Nc6 14. Rfd1 Be7 15. g3 Qc7 16. Bb3 Qa5 17. Nc3 Bf8 18. d5 exd5 19. Rxd5 Rxd5 20. Bxd5 Bh3 21. Qc4 Qc7 22. Ne2 g5 23. Ned4 Rc8 24. Nxc6 bxc6 25. Nd4 c5 26. b3 Qd7 27. Nc2 Bg7 28. Rd1 Re8 29. a3 a5 1/2-1/2

[Event "BI-2012-P-00004"]
[Site "LSS email"]
[Date "2012.04.20"]
[Round "?"]
[White "Geiger, Walter"]
[Black "Zukan, Jakob"]
[Result "1-0"]
[WhiteElo "2075"]
[BlackElo "1548"]
[PlyCount "81"]
[EventDate "2012.04.22"]
[EventType "tourn (corr)"]
[EventRounds "10"]
[EventCountry "GER"]
[SourceTitle "Telechess CBM 165"]
[Source "ChessBase"]
[SourceDate "2015.03.11"]
[SourceVersion "1"]
[SourceVersionDate "2015.03.11"]
[SourceQuality "1"]

1. e4 c5 2. Nf3 Nc6 3. d4 cxd4 4. Nxd4 e5 5. Nb5 d6 6. N1c3 a6 7. Na3 b5 8. Nd5 Nf6 9. c4 b4 10. Nxf6+ Qxf6 11. Nc2 Be7 12. Ne3 0-0 13. Bd3 Qg6 14. 0-0 Bg5 15. Nd5 Be6 16. Qa4 Nd4 17. f4 exf4 18. Nxf4 Bxf4 19. Bxf4 d5 20. cxd5 Bxd5 21. Rae1 Rfd8 22. Bc7 Bc6 23. Qxb4 Rd7 24. Be5 Rad8 25. Qb6 Bb5 26. Qxg6 hxg6 27. Bxb5 axb5 28. Bxd4 Rxd4 29. Re2 f6 30. Rc1 Re8 31. Rc5 b4 32. e5 Rxe5 33. Rcxe5 fxe5 34. Rxe5 Rd2 35. b3 Rxa2 36. Re4 Kf7 37. Rxb4 g5 38. Rb6 Rb2 39. h3 Rd2 40. Kh2 Rd3 41. b4 1-0

[Event "BI-2011-F-00015"]
[Site "LSS email"]
[Date "2012.02.12"]
[Round "?"]
[White "Luers, Charles J"]
[Black "Zukan, Jakob"]
[Result "1/2-1/2"]
[WhiteElo "1770"]
[BlackElo "1585"]
[PlyCount "116"]
[EventDate "2012.02.15"]
[EventType "tourn (corr)"]
[EventRounds "10"]
[EventCountry "GER"]
[SourceTitle "Telechess CBM 159"]
[Source "ChessBase"]
[SourceDate "2014.03.17"]
[SourceVersion "1"]
[SourceVersionDate "2014.03.17"]
[SourceQuality "1"]

1. d4 Nf6 2. c4 g6 3. Nf3 Bg7 4. Nc3 0-0 5. e4 d6 6. Be2 Nbd7 7. 0-0 e5 8. Re1 exd4 9. Nxd4 Re8 10. Bf1 c6 11. Rb1 a6 12. Bf4 Ne5 13. h3 Bd7 14. Nf3 b5 15. b4 Nh5 16. Bxe5 dxe5 17. a4 Rb8 18. axb5 axb5 19. cxb5 cxb5 20. Ra1 Nf4 21. Ra7 Bc6 22. Qxd8 Rexd8 23. Rea1 Ne6 24. R1a6 Rdc8 25. Nd5 Bxd5 26. exd5 Nc7 27. Rd6 e4 28. Ng5 Bd4 29. Ra3 Re8 30. Rd7 e3 31. Nxf7 exf2+ 32. Kh2 Re1 33. Rxc7 Rxf1 34. Rf3 Re1 35. Nh6+ Kh8 36. Rcf7 Ra8 37. Kg3 Ra7 38. d6 Re3 39. Kxf2 Re4+ 40. Kg3 Be5+ 41. Kf2 Ra2+ 42. Kg1 Bxd6 43. Rf1 Ree2 44. Rc1 Rxg2+ 45. Kf1 Rgc2 46. Rxc2 Rxc2 47. Rb7 Bxb4 48. Rxb5 Kg7 49. Ng4 Bd6 50. Rb7+ Rc7 51. Rxc7+ Bxc7 52. Kg2 Bd6 53. Kf3 Kf7 54. Ke4 Ke6 55. h4 Bg3 56. h5 gxh5 57. Kf3 h4 58. Kg2 Bd6 1/2-1/2

[Event "BI-2011-F-00015"]
[Site "LSS email"]
[Date "2012.02.12"]
[Round "?"]
[White "Rossetti, Mario"]
[Black "Zukan, Jakob"]
[Result "0-1"]
[WhiteElo "1654"]
[BlackElo "1585"]
[PlyCount "84"]
[EventDate "2012.02.15"]
[EventType "tourn (corr)"]
[EventRounds "10"]
[EventCountry "GER"]
[SourceTitle "Telechess CBM 159"]
[Source "ChessBase"]
[SourceDate "2014.03.17"]
[SourceVersion "1"]
[SourceVersionDate "2014.03.17"]
[SourceQuality "1"]

1. d4 Nf6 2. c4 e6 3. Nc3 Nc6 4. Nf3 d5 5. Bg5 Be7 6. e3 0-0 7. Bd3 Nb4 8. c5 Nxd3+ 9. Qxd3 b6 10. Qc2 bxc5 11. dxc5 Bxc5 12. 0-0 Be7 13. Rad1 h6 14. Bxf6 Bxf6 15. e4 c6 16. Na4 Rb8 17. e5 Be7 18. Nd4 Ba6 19. Rfe1 Rc8 20. Nc5 Bc4 21. Ncxe6 fxe6 22. Nxe6 Qb6 23. b3 Bb5 24. Nxf8 Rxf8 25. Re3 d4 26. Rf3 Rxf3 27. gxf3 c5 28. Qf5 g6 29. Qh3 h5 30. Kg2 Qc6 31. Qg3 Be2 32. Rd2 d3 33. Qf4 c4 34. bxc4 Bb4 35. e6 Qxe6 36. Qb8+ Bf8 37. Qf4 Bg7 38. Qb8+ Kh7 39. Qxa7 Qf5 40. Qe3 Bxf3+ 41. Qxf3 Qg5+ 42. Qg3 Qxd2 0-1

[Event "BI-2011-F-00015"]
[Site "LSS email"]
[Date "2012.02.12"]
[Round "?"]
[White "Zukan, Jakob"]
[Black "Shapovalov, Dima"]
[Result "1-0"]
[WhiteElo "1585"]
[BlackElo "1798"]
[PlyCount "91"]
[EventDate "2012.02.15"]
[EventType "tourn (corr)"]
[EventRounds "10"]
[EventCountry "GER"]
[SourceTitle "Telechess CBM 159"]
[Source "ChessBase"]
[SourceDate "2014.03.17"]
[SourceVersion "1"]
[SourceVersionDate "2014.03.17"]
[SourceQuality "1"]

1. d4 d5 2. Nf3 Nf6 3. c4 c6 4. e3 e6 5. Nc3 Nbd7 6. Bd3 dxc4 7. Bxc4 b5 8. Bd3 Bb7 9. 0-0 a6 10. a4 b4 11. Ne4 c5 12. Ned2 Be7 13. b3 0-0 14. Bb2 cxd4 15. Bxd4 Nc5 16. Nc4 Bxf3 17. gxf3 Nxd3 18. Qxd3 Qd5 19. e4 Qh5 20. Qe3 Nd7 21. e5 Bg5 22. Qe4 Rac8 23. Kg2 Qh6 24. Rh1 Be7 25. Be3 f5 26. exf6 Qxf6 27. Rhe1 Qf7 28. Bd4 e5 29. Be3 Nc5 30. Bxc5 Bxc5 31. Nxe5 Qxb3 32. Nd7 Rf7 33. Reb1 Qc3 34. Rd1 Bf8 35. Rdc1 Rc4 36. Qe2 Qxc1 37. Rxc1 Rxc1 38. Ne5 Rb7 39. Qxa6 Re7 40. Qb5 g6 41. Qd5+ Kg7 42. a5 Rc8 43. Nc6 Rec7 44. Qe5+ Kf7 45. Nd8+ Kg8 46. a6 1-0